| 000 | 00419nam a22001457a 4500 | ||
|---|---|---|---|
| 999 |
_c112071 _d112071 |
||
| 005 | 20190415102111.0 | ||
| 008 | 190415b ||||| |||| 00| 0 eng d | ||
| 020 | _a9781781543078 | ||
| 040 | _cPK-LaUMT | ||
| 082 |
_a519.64 _bHAN- |
||
| 245 |
_aHandbook of ant colony : _boptimisation, methods and techniques / _cedited by Ignacio Jose |
||
| 260 |
_aLondon : _bAuris Reference, _c2015 |
||
| 300 | _a280 p. | ||
| 942 | _cBK | ||